Schwenninger Wild Wings - 2022/23 - Statistiken

Allgemein
  • Dieses Quiz wurde 4 mal gespielt
  • Das Durchschnittsergebnis liegt bei 14 aus 28
Antwortstatistiken
Hint Antwort % Korrekt
#67 Florian Elias
100%
#53 Alex Trivellato
67%
#26 Brandon DeFazio
67%
#77 Daniel Pfaffengut
67%
#60 Joacim Eriksson
67%
#52 Johannes Huß
67%
#55 John Ramage
67%
#7 Kai Zernikel
67%
#40 Ken Andre Olimb
67%
#39 Marvin Cüpper
67%
#94 Phil Hungerecker
67%
#93 Sebastian Uvira
67%
#90 Tylor Spink
67%
#96 Tyson Spink
67%
#4 Ville Lajunen
67%
#47 Alexander Karachun
33%
#23 Carl Neill
33%
#18 Daniel Neumann
33%
#19 David Ullström
33%
#63 Manuel Alberg
33%
#91 Marius Möchel
33%
#79 Mitch Wahl
33%
#10 Peter Spornberger
33%
#9 Philip Feist
33%
#85 Viktor Buchner
33%
#78 Will Weber
33%
#64 Boaz Bassen
0%
#70 Miks Indrasis
0%
Keine übereinstimmenden Quizze gefunden
Verteilung der Resultate
Anzahl Personen mit jedem Resultat
Perzentil nach korrekt beantworteten Fragen
Ihre Resultats-Entwicklung
Sie haben dieses Quiz noch nicht gespielt